Statistics for Largest U.S. Cities Sharing Names with Presidents

Click here to take the quiz!

General Stats

  • This quiz has been taken 73 times
  • The average score is 13 of 20

Answer Stats

Population (2010 Census)City% Correct
601,723Washington, D.C.
95%
258,379Lincoln, NE
94%
42,819Lincoln, CA
94%
173,514Jackson, MS
82%
65,211Jackson, TN
82%
33,534Jackson, MI
82%
54,856Jackson, NJ
82%
233,209Madison, WI
78%
42,938Madison, AL
78%
32,797Monroe, NC
62%
48,815Monroe, LA
62%
39,132Monroe, NJ
62%
35,970Clinton, MD
54%
96,900Tyler, TX
54%
396,815Cleveland, OH
52%
41,285Cleveland, TN
52%
49,167Wilson, NC
48%
81,619Hoover, AL
48%
63,131Taylor, MI
45%
30,487Garfield, NJ
29%

Score Distribution

Percentile by Number Answered

Percent of People with Each Score

Your Score History

You have not taken this quiz